Ako podnikať
Z obsahu: Podnikateľom chýbajú vzory a tradícia. Českí uhľobaróni priekopníkmi novej právnej formy. Efektívny predajca - odpoveď neznáma. Poradenstvo.
Uložené v:
| Médium: | Kapitola |
|---|---|
| Jazyk: | Slovak |
| Predmet: | |
| Tagy: |
Žiadne tagy, Buďte prvý, kto otaguje tento záznam!
|
MARC
| LEADER | 00000naa$a2200000$$$4500 | ||
|---|---|---|---|
| 001 | 0046555 | ||
| 005 | 20231009084050.9 | ||
| 041 | 0 | |a slo | |
| 044 | |a SK | ||
| 245 | 1 | 0 | |a Ako podnikať |
| 520 | |a Z obsahu: Podnikateľom chýbajú vzory a tradícia. Českí uhľobaróni priekopníkmi novej právnej formy. Efektívny predajca - odpoveď neznáma. Poradenstvo. | ||
| 610 | 2 | 0 | |a podnikanie |
| 610 | 2 | 0 | |a podnikatelia |
| 610 | 2 | 0 | |a dane |
| 610 | 2 | 0 | |a reformy daňové |
| 610 | 2 | 0 | |a baníctvo |
| 610 | 2 | 0 | |a uhlie |
| 610 | 2 | 0 | |a Česko |
| 610 | 2 | 0 | |a predajcovia |
| 610 | 2 | 0 | |a poradenstvo |